Aku mahu anakku super man [strikethrough] al-Quran / (No. rekod 1804)

000 -LEADER
fixed length control field 01426pam a2200277 i 4500
003 - CONTROL NUMBER IDENTIFIER
control field KPN
005 - DATE AND TIME OF LATEST TRANSACTION
control field 20260409164355.0
008 - FIXED-LENGTH DATA ELEMENTS--GENERAL INFORMATION
fixed length control field 20260409b 00| 0 my d
020 ## - INTERNATIONAL STANDARD BOOK NUMBER
International Standard Book Number 9789830975726
Qualifying information paperback
Terms of availability RM17.00
040 ## - CATALOGING SOURCE
Transcribing agency KPN
082 04 - DEWEY DECIMAL CLASSIFICATION NUMBER
Classification number 297.1224045 AMR 2016
Edition number 23
090 00 - LOCALLY ASSIGNED LC-TYPE CALL NUMBER (OCLC); LOCAL CALL NUMBER (RLIN)
Classification number (OCLC) (R) ; Classification number, CALL (RLIN) (NR) 297.1224045 AMR 2016
Local cutter number (OCLC) ; Book number/undivided call number, CALL (RLIN) AMR
100 0# - MAIN ENTRY--PERSONAL NAME
Personal name Amri Mohd. Nason,
Dates associated with a name 1983-
Relator term author.
245 10 - TITLE STATEMENT
Title Aku mahu anakku super man [strikethrough] al-Quran /
Statement of responsibility, etc. Amri Mohd Nason, Aishah Hashimee ; Penyunting Zuraimi Ismail
246 33 - VARYING FORM OF TITLE
Title proper/short title Aku mahu anakku superman al-Quran
Title proper/short title Aku mahu anakku super al-Quran
264 #1 - PRODUCTION, PUBLICATION, DISTRIBUTION, MANUFACTURE, AND COPYRIGHT NOTICE
Place of production, publication, distribution, manufacture Petaling Jaya, Selangor :
Name of producer, publisher, distributor, manufacturer Galeri Ilmu Sdn. Bhd.,
Date of production, publication, distribution, manufacture, or copyright notice 2016
300 ## - PHYSICAL DESCRIPTION
Extent viii, 110 pages :
Other physical details colour photographs ;
Dimensions 22 cm
500 ## - GENERAL NOTE
General note Contains verses from the Qur'an
521 ## - TARGET AUDIENCE NOTE
Target audience note Buku ini mendedahkan 3 langkah yang mudah dan berkesan untuk ibu bapa mendidik anak-anak kecil hafal al-Quran tanpa paksaan. 3 langkah mudah ini adalah berdasarkan pengalaman peribadi pasangan penulis ini mengajar anak-anak mereka hafal al-Quran sejak kecil dan kini sudah hafal lebih 70 surah. Turut dimuatkan, pelbagai tip keibubapaan dan metod Rasulullah dalam mendidik dan berinteraksi dengan kanak-kanak. Disampaikan dengan santai berserta infografik yang menarik.
630 00 - SUBJECT ADDED ENTRY--UNIFORM TITLE
Uniform title Qur'an
General subdivision Memorizing
Uniform title Qur'an
General subdivision Recitation
700 0# - ADDED ENTRY--PERSONAL NAME
Personal name Aishah Hashimee,
Dates associated with a name 1985-
Relator term author.
Personal name Zuraimi Ismail,
Dates associated with a name 1969-
Relator term editor.
942 ## - ADDED ENTRY ELEMENTS (KOHA)
Source of classification or shelving scheme
Koha item type Book
Suppress in OPAC No
Pemilik
Withdrawn status Lost status Source of classification or shelving scheme Damaged status Not for loan Collection code Home library Current library Shelving location Date acquired Total Checkouts Full call number Barcode Date last seen Price effective from Koha item type
          Non-fiction Perpustakaan Kementerian Perpaduan Malaysia Perpustakaan Kementerian Perpaduan Malaysia Non- Fiction Rack - Religion 09/04/2026   297.1224045 AMR 2016 KPN26040038 09/04/2026 09/04/2026 Book